| 000 | 00610nam a2200229Ia 4500 | ||
|---|---|---|---|
| 008 | 160803s9999 xx 000 0 und d | ||
| 020 | _a 978-0439314312 | ||
| 100 | _aCapecci, Anne | ||
| 245 | _aInsect invaders / | ||
| 245 | _cwritten by Anne Capeci ; illustrations by John Spiers. | ||
| 260 | _aNew York : | ||
| 260 | _bScholastic Inc. | ||
| 260 | _c2001 | ||
| 300 | _a87 pages : | ||
| 300 | _billustrations ; | ||
| 300 | _c20 cm. | ||
| 440 | _aThe Magic school bus : a science chapter book ; | ||
| 440 | _v#11 | ||
| 650 | _aInsects -- | ||
| 650 | _xJuvenile fiction. | ||
| 700 | _a610 | ||
| 999 |
_c298472 _d298472 |
||